[Event "It"]
[Site "masterchessopen.com Munich (Germany)"]
[Round "0"]
[White "Huebner Robert Dr (GER)"]
[Black "Lobron Eric (GER)"]
[Result "0-1"]
[WhiteElo "2630"]
[BlackElo "2625"]

1.d4 Nf6 2.c4 e6 3.Nc3 Bb4 4.e3 O-O 5.Bd3 d5 6.Nf3 c5 7.O-O Nc6 8.a3 Bxc3
9.bxc3 Qc7 10.a4 dxc4 11.Bxc4 b6 12.Ba3 Rd8 13.Qe2 Bb7 14.h3 Rac8 15.Ba2 Na5
16.Ne5 Bd5 17.Bb2 cxd4 18.cxd4 Qc2 19.Rfe1 Qxe2 20.Rxe2 Bxa2 21.Rxa2 Nd5
22.Ra1 f6 23.Nf3 Rc4 24.g3 Kf7 25.Kf1 Rd7 26.Nd2 Rc6 27.Ba3 Nc4 28.Nxc4 Rxc4
29.a5 b5 30.Bc5 a6 31.Rb2 e5 32.Ke1 f5 33.g4 f4 34.Rb3 Ke6 35.Bb6 fxe3 36.fxe3
e4 37.Ra2 Rf7 38.Rf2 Rc1+ 39.Kd2 Rxf2+ 40.Kxc1 Rf3 {#R} 0-1

[Event "It (open)"]
[Site "masterchessopen.com Sevilla (Spain)"]
[Round "0"]
[White "Rivas Pastor Manuel (ESP)"]
[Black "Eslon Jaan (SWE)"]
[Result "1-0"]
[WhiteElo "2520"]
[BlackElo "2420"]

1.d4 Nf6 2.c4 e6 3.Nc3 Bb4 4.e3 c5 5.Nf3 d5 6.Bd3 Nc6 7.O-O O-O 8.a3 Bxc3
9.bxc3 Qc7 10.cxd5 exd5 11.Nd2 Ng4 12.g3 c4 13.Bb1 f5 14.Re1 Be6 15.f3 Nf6
16.a4 Qa5 17.Qc2 Rf7 18.Ba3 Rd8 19.Ba2 Qc7 20.Re2 a6 21.Qb2 Rb8 22.Rae1 b5
23.axb5 axb5 24.Bc5 Nd7 25.Bb4 Nxb4 26.Qxb4 Ra8 27.Bb1 Qa5 28.Qxa5 Rxa5 29.e4
fxe4 30.fxe4 Nf6 31.exd5 Bxd5 32.Re5 Ra3 33.g4 Bc6 34.Rc5 Rc7 35.Be4 Nxe4
36.Nxe4 Raa7 37.Nd6 Bd7 38.Re7 Rxc5 39.dxc5 b4 40.cxb4 c3 41.Re1 Ra4 42.b5
Rxg4+ 43.Kf2 Bxb5 44.Nxb5 c2 45.Nd6 {#r} 1-0

[Event "Ch Slovenia (1 liga)"]
[Site "masterchessopen.com Slovenia"]
[Round "0"]
[White "Hladnik A"]
[Black "Krumpak Hinko (SLO)"]
[Result "0-1"]
[WhiteElo "2150"]
[BlackElo "2090"]

1.d4 Nf6 2.c4 e6 3.Nc3 Bb4 4.e3 c5 5.Nf3 d5 6.a3 Bxc3+ 7.bxc3 Nc6 8.Bd3 O-O
9.O-O Qc7 10.cxd5 exd5 11.h3 Rd8 12.a4 c4 13.Bc2 a6 14.Nd2 Rb8 15.Qf3 b5
16.axb5 axb5 17.e4 b4 18.e5 Ne8 19.Bb2 Nxd4 20.cxd4 c3 21.Bxc3 bxc3 22.Nb1 Rb4
23.Rd1 Be6 24.Nxc3 Rc8 25.Rac1 Rc4 26.Ba4 Qa5 27.Bxe8 Rxc3 28.Rxc3 Rxc3 29.Qe2
Rc4 30.Qb2 g6 31.Ra1 Qc7 32.Bb5 Rc2 33.Qb1 Qc3 34.Qd1 Rd2 35.Ra8+ Kg7 36.Qa1
Qxa1+ 37.Rxa1 Rxd4 38.Re1 Rb4 39.Bf1 d4 40.g3 Kf8 41.Rd1 Ke7 42.Bg2 g5 43.g4
Bb3 44.Rd2 Ke6 45.Re2 Bd5 46.Bxd5+ Kxd5 47.f3 d3 48.Rd2 Kd4 49.Kf2 Rc4 50.f4
Rc2 {#R} 0-1

[Event "Ch World (juniors) (under 20)"]
[Site "masterchessopen.com Buenos Aires (Argentina)"]
[Round "0"]
[White "Tsemekhman Vadim (USA)"]
[Black "Masserey Yvan (SUI)"]
[Result "1-0"]
[WhiteElo "2355"]
[BlackElo "2329"]

1.d4 Nf6 2.c4 e6 3.Nc3 Bb4 4.e3 c5 5.Bd3 d5 6.Nf3 Nc6 7.O-O O-O 8.a3 Bxc3
9.bxc3 Qc7 10.cxd5 exd5 11.Nh4 Ne7 12.g3 Ng6 13.Ng2 Re8 14.f3 Bd7 15.a4 b6
16.Ra2 Bc6 17.Re2 Qd7 18.Bc2 Bb7 19.Rff2 Ba6 20.Re1 Rad8 21.Bb2 Qc6 22.g4 Re7
23.h4 Ne8 24.h5 Nf8 25.Nf4 Ne6 26.Nxe6 Qxe6 27.Bb1 Nd6 28.Qc2 g6 29.Bc1 cxd4
30.cxd4 Rc8 31.Qd2 Rec7 32.Rh2 Nc4 33.Qg2 Na5 34.Bd2 Qf6 35.hxg6 fxg6 36.g5
Qg7 37.Qg4 Qf7 38.e4 dxe4 39.fxe4 Rf8 40.e5 Bc4 41.Bb4 Qf1+ 42.Rxf1 Rxf1+
43.Kg2 Rxb1 44.Bd6 Rf7 45.Qc8+ Kg7 46.e6 {#r} 1-0

[Event "Ch World (juniors) (under 20) (g)"]
[Site "masterchessopen.com Buenos Aires (Argentina)"]
[Round "0"]
[White "Johansson Victoria (SWE)"]
[Black "Kadimova Ilaha (AZE)"]
[Result "1-0"]
[WhiteElo "2181"]
[BlackElo "2314"]

1.d4 Nf6 2.c4 e6 3.Nc3 Bb4 4.e3 O-O 5.Bd3 c5 6.Nf3 Nc6 7.O-O d5 8.a3 Bxc3
9.bxc3 Qc7 10.cxd5 exd5 11.h3 Re8 12.a4 h6 13.Ba3 c4 14.Be2 Bf5 15.Nd2 a6
16.Re1 b5 17.Bf1 Rab8 18.axb5 axb5 19.Bc5 Bg6 20.Qf3 b4 21.cxb4 Nxb4 22.Ra7
Rb7 23.Rxb7 Qxb7 24.Nxc4 Ne4 25.Na5 Qb8 26.Rc1 Na2 27.Re1 Nxc5 28.Qxd5 Qb4
29.Ra1 Bb1 30.dxc5 Qxa5 31.Rxb1 Nc3 32.Qc6 Rd8 33.Rb7 Qa1 34.Qf3 f5 35.c6 Ra8
36.c7 Qxf1+ 37.Kh2 Rc8 38.Qxf5 {#r} 1-0

[Event "Ch Hungary (team) 1992/93"]
[Site "masterchessopen.com Hungary"]
[Round "0"]
[White "Schneider Attila (HUN)"]
[Black "Tolnai Tibor (HUN)"]
[Result "0-1"]
[WhiteElo "2266"]
[BlackElo "2490"]

1.d4 Nf6 2.c4 e6 3.Nc3 Bb4 4.e3 O-O 5.Bd3 d5 6.Nf3 c5 7.O-O Nc6 8.a3 Bxc3
9.bxc3 Qc7 10.cxd5 exd5 11.Nh4 Re8 12.f3 Bd7 13.g4 g6 14.Ra2 Rac8 15.Raf2 cxd4
16.cxd4 Na5 17.g5 Nh5 18.f4 Bh3 19.Re1 Qd7 20.f5 Ng7 21.Qf3 Bxf5 22.Nxf5 Nxf5
23.Qh3 Rc3 24.Bxf5 gxf5 25.Rxf5 Nb3 26.Bb2 Rc2 27.e4 Rxb2 28.Qc3 Rxe4 {#R} 0-1

[Event "Ch Hungary (team) 1992/93"]
[Site "masterchessopen.com Hungary"]
[Round "0"]
[White "Zsinka Laszlo (HUN)"]
[Black "Tolnai Tibor (HUN)"]
[Result "0-1"]
[WhiteElo "2286"]
[BlackElo "2490"]

1.d4 Nf6 2.c4 e6 3.Nc3 Bb4 4.e3 O-O 5.Bd3 d5 6.Nf3 c5 7.O-O Nc6 8.a3 Bxc3
9.bxc3 Qc7 10.cxd5 exd5 11.Nh4 Ne7 12.g3 Bh3 13.Re1 Ng6 14.Ng2 Qd7 15.f3 cxd4
16.cxd4 Bf5 17.Bf1 Rac8 18.Ra2 Rc7 19.Bd2 Rfc8 20.Bb4 Bc2 21.Qd2 Bb3 22.Rb2
Bc4 23.Bd3 Bxd3 24.Qxd3 b6 25.Bd2 Ne8 26.Bb4 h6 27.Nf4 Nxf4 28.exf4 Rc1 29.Re2
Rxe1+ 30.Rxe1 a5 31.Bd2 Nd6 32.g4 Re8 33.Re5 Nc4 34.Rxe8+ Qxe8 35.Bc1 Qe1+
36.Qf1 Qc3 37.Qd1 b5 38.f5 b4 39.axb4 axb4 40.Kg2 b3 41.Kg3 b2 42.Bf4 Qb4 {#R}
0-1

[Event "It (open)"]
[Site "masterchessopen.com Katerini (Greece)"]
[Round "0"]
[White "Maksimovic Suzana (SRB)"]
[Black "Stefansson Hannes (ISL)"]
[Result "0-1"]
[WhiteElo "2223"]
[BlackElo "2500"]

1.d4 Nf6 2.c4 e6 3.Nc3 Bb4 4.e3 O-O 5.Bd3 d5 6.Nf3 c5 7.O-O Nc6 8.a3 Bxc3
9.bxc3 Qc7 10.cxd5 exd5 11.h3 Re8 12.a4 Ne4 13.Ba3 b6 14.Rc1 Na5 15.Ne5 f6
16.Qh5 Bb7 17.Ng4 Nb3 18.Rcd1 c4 19.Bxe4 dxe4 20.Qh4 Qd7 21.d5 Qxa4 22.Bd6 Qd7
23.Qg3 Kh8 24.f3 Rad8 25.Bc7 Rc8 26.Bd6 exf3 27.Rxf3 Red8 28.Bf4 Nc5 29.Rd4
Bxd5 30.Nxf6 gxf6 31.Bh6 Qf7 32.Qh4 Bxf3 {#R} 0-1

[Event "It"]
[Site "masterchessopen.com Munich (Germany)"]
[Round "0"]
[White "Jussupow Artur (GER)"]
[Black "Hjartarson Johann (ISL)"]
[Result "1-0"]
[WhiteElo "2630"]
[BlackElo "2605"]

1.d4 Nf6 2.c4 e6 3.Nc3 Bb4 4.e3 O-O 5.Bd3 d5 6.Nf3 c5 7.O-O Nc6 8.a3 Bxc3
9.bxc3 Qc7 10.cxd5 exd5 11.a4 Re8 12.Ba3 c4 13.Bc2 Bg4 14.Qe1 Bh5 15.Nh4 Re6
16.f3 Rae8 17.e4 dxe4 18.fxe4 Ng4 19.g3 Nf6 20.Rb1 Nxe4 21.d5 Re5 22.dxc6 Ng5
23.cxb7 Re2 24.Bf5 g6 25.Qc1 h6 26.Qf4 Qc6 27.Qd6 Nf3+ 28.Rxf3 {#r} 1-0

[Event "It"]
[Site "masterchessopen.com Budapest (Hungary)"]
[Round "1"]
[White "Lukacs Peter (HUN)"]
[Black "Loginov Valery A (RUS)"]
[Result "0-1"]
[WhiteElo "2490"]
[BlackElo "2610"]

1.d4 Nf6 2.c4 e6 3.Nc3 Bb4 4.e3 O-O 5.Bd3 d5 6.Nf3 c5 7.O-O Nc6 8.a3 Bxc3
9.bxc3 Qc7 10.h3 dxc4 11.Bxc4 e5 12.Ba2 e4 13.Nh2 Qe7 14.a4 b6 15.Qe2 Be6
16.Ba3 Bxa2 17.Qxa2 Rfc8 18.Rfd1 Nd8 19.Nf1 Nb7 20.Ng3 Rc7 21.a5 Nxa5 22.dxc5
bxc5 23.Rab1 Qe6 24.Qxe6 fxe6 25.Rb5 Nc4 26.Rxc5 Rac8 27.Rxc7 Rxc7 28.Rd8+ Kf7
29.Bd6 Rd7 30.Rf8+ Kg6 31.Bb4 h5 32.Ne2 a5 33.Bc5 e5 34.Rc8 Rd1+ 35.Kh2 Nd2
36.Kg3 Re1 37.Rc7 Rxe2 38.Bf8 Nf1+ 39.Kh4 Rxf2 {#R} 0-1

[Event "Memorial Vitebsky"]
[Site "masterchessopen.com Kurgan (Russia)"]
[Round "4"]
[White "Pospelov Evgeny (RUS)"]
[Black "Mochalov Evgeny V (BLR)"]
[Result "1-0"]
[WhiteElo "2385"]
[BlackElo "2400"]

1.d4 Nf6 2.c4 e6 3.Nf3 d5 4.Nc3 Bb4 5.a3 Bxc3+ 6.bxc3 c5 7.e3 O-O 8.Bd3 Nc6
9.O-O Qc7 10.Qc2 Na5 11.cxd5 c4 12.Be2 exd5 13.Nd2 Re8 14.Bf3 Bg4 15.Bd1 Bxd1
16.Rxd1 Re6 17.Nf1 Nb3 18.Ra2 Rae8 19.f3 Qd7 20.Bd2 R8e7 21.Be1 Ne8 22.Bg3 Nd6
23.Bf4 Re8 24.Ng3 f6 25.h4 Rxe3 26.Bxe3 Rxe3 27.Nf1 Re7 28.a4 Nf5 29.Qf2 Qe8
30.g4 Nd6 31.Qg3 Re6 32.Qf4 a5 33.Kf2 b5 34.Ne3 Qc6 35.Re1 Re8 36.axb5 Nxb5
37.Nf5 Rxe1 38.Kxe1 Kf8 39.Re2 Qc7 40.Qe3 Qd7 41.h5 Nc7 42.g5 fxg5 43.h6 Ne8
44.Qxe8+ {#r} 1-0

[Event "It (open)"]
[Site "masterchessopen.com Vienna (Austria)"]
[Round "2"]
[White "Zoebisch Herbert (AUT)"]
[Black "Lerner Konstantin Z (UKR)"]
[Result "0-1"]
[WhiteElo "2149"]
[BlackElo "2555"]

1.d4 Nf6 2.c4 e6 3.Nc3 Bb4 4.e3 O-O 5.Bd3 d5 6.Nf3 c5 7.O-O Nc6 8.a3 Bxc3
9.bxc3 Qc7 10.cxd5 exd5 11.Nh4 Re8 12.g3 Bh3 13.Re1 c4 14.Bc2 Ne4 15.Bb2 Rad8
16.Ng2 Rd6 17.f3 Ng5 18.Nf4 Qd7 19.a4 Bf5 20.Bxf5 Qxf5 21.Ba3 Rde6 22.Bc1 Na5
23.g4 Qxf4 {#R} 0-1

[Event "It (open) \"]
[Site "masterchessopen.com Berlin (Germany)"]
[Round "8"]
[White "Neverov Valeriy (UKR)"]
[Black "Anka Emil (HUN)"]
[Result "1-0"]
[WhiteElo "2485"]
[BlackElo "2410"]

1.d4 Nf6 2.c4 e6 3.Nc3 Bb4 4.e3 c5 5.Nf3 Nc6 6.Bd3 d5 7.O-O O-O 8.a3 Bxc3
9.bxc3 Qc7 10.cxd5 exd5 11.a4 Re8 12.Ba3 c4 13.Bc2 Bg4 14.Qe1 Bh5 15.Nh4 Ng4
16.g3 Nh6 17.f3 Qd7 18.e4 f5 19.Bc1 fxe4 20.Bxh6 gxh6 21.fxe4 dxe4 22.Qe3 Re6
23.Rf4 Ne7 24.Rxe4 Nd5 25.Qd2 Rae8 26.Rae1 Rxe4 27.Bxe4 Nf6 28.Bg2 Bf7 29.Rf1
Ng4 30.Nf5 Bg6 31.Nxh6+ Nxh6 32.Qxh6 Bd3 33.Bh3 Qg7 34.Be6+ Kh8 35.Qxg7+ Kxg7
36.Rf7+ Kg6 37.d5 Be4 38.Rf4 {#r} 1-0

[Event "Ch Russia (1/2 final)"]
[Site "masterchessopen.com Briansk (Russia)"]
[Round "2"]
[White "Vilkov Vladimir (RUS)"]
[Black "Kharlamov Vladimir P (RUS)"]
[Result "0-1"]
[WhiteElo "2367"]
[BlackElo "2390"]

1.d4 Nf6 2.c4 e6 3.Nc3 Bb4 4.e3 O-O 5.Bd3 d5 6.Nf3 c5 7.O-O Nc6 8.a3 Bxc3
9.bxc3 Qc7 10.cxd5 exd5 11.Nh4 Ne7 12.g3 Bh3 13.Re1 c4 14.Be2 Ne4 15.Bb2 Ng6
16.Ng2 Rae8 17.Bf1 Re6 18.Qh5 Rb6 19.Qxd5 Nf6 20.Qa5 Qc6 21.Bc1 Qf3 22.Qa4 Ne4
23.Qc2 Rf6 24.Ra2 h5 25.Nf4 Bxf1 26.Rxf1 Nxf4 27.exf4 Nxc3 28.h4 Nxa2 29.Qxa2
Qd3 30.Be3 Rb6 31.Rc1 Rc8 32.a4 a5 {#R} 0-1

[Event "Bundesliga (2nd) South 1994/95"]
[Site "masterchessopen.com Germany"]
[Round "0"]
[White "Stromer Alexander (GER)"]
[Black "Eis Helko (GER)"]
[Result "1-0"]
[WhiteElo "2290"]
[BlackElo "2161"]

1.d4 Nf6 2.c4 e6 3.Nc3 Bb4 4.e3 O-O 5.Nf3 d5 6.a3 Bxc3+ 7.bxc3 c5 8.Bd3 Nc6
9.O-O Qc7 10.cxd5 exd5 11.a4 Re8 12.Bb2 c4 13.Bc2 Bg4 14.Qe1 Bxf3 15.gxf3 Qd7
16.Kh1 Qh3 17.Qd1 Re4 18.Bxe4 dxe4 19.Rg1 h5 20.Rg3 Qf5 21.Qg1 exf3 22.Rxg7+
Kh8 23.Qg5 Qxg5 24.Rxg5 Ne7 25.Ba3 Ng6 26.Rf5 Kg7 27.Rxf3 Ne4 28.Rf5 h4 29.f3
Nxc3 30.Bb2 Ne2 31.Re1 c3 32.Ba3 Ngf4 33.exf4 Nxd4 34.Rg1+ {#r} 1-0

[Event "It"]
[Site "masterchessopen.com Katrineholm (Sweden)"]
[Round "0"]
[White "Sjoberg Mats (SWE)"]
[Black "Davies Nigel R (ENG)"]
[Result "0-1"]
[WhiteElo "2450"]
[BlackElo "2505"]

1.d4 Nf6 2.c4 e6 3.Nc3 Bb4 4.e3 O-O 5.Bd3 d5 6.Nf3 c5 7.O-O Nc6 8.a3 Bxc3
9.bxc3 Qc7 10.h3 dxc4 11.Bxc4 e5 12.Ba2 e4 13.Nh2 Bf5 14.Ng4 Nxg4 15.hxg4 Bg6
16.Qe2 Rfd8 17.Bb2 Na5 18.c4 b6 19.Rad1 f6 20.Rd2 Bf7 21.d5 Nb7 22.f4 Qe7
23.g5 fxg5 24.f5 Rd6 25.Qg4 h5 26.Qg3 h4 27.Qg4 Rf8 28.Rdf2 Be8 29.f6 Rdxf6
30.Rxf6 gxf6 31.Rxf6 Rxf6 32.Qxg5+ Kf7 33.Qh5+ Kg7 34.Bxf6+ Qxf6 35.Qxe8 Nd6
36.Qd7+ Kh6 37.Bb1 Kg5 38.Bc2 Nxc4 39.Qe8 Nxe3 40.Qg8+ Kf4 41.Bb1 Ng4 {#R} 0-1

[Event "It (open)"]
[Site "masterchessopen.com Las Palmas (Spain)"]
[Round "8"]
[White "Palacios Perez Manuel (ESP)"]
[Black "Tatai Stefano (ITA)"]
[Result "1-0"]
[WhiteElo "2192"]
[BlackElo "2435"]

1.d4 Nf6 2.c4 e6 3.Nc3 Bb4 4.e3 c5 5.Bd3 O-O 6.Nf3 d5 7.a3 Bxc3+ 8.bxc3 Nc6
9.O-O Qc7 10.cxd5 exd5 11.Bb2 c4 12.Bc2 Bg4 13.Qe1 Bxf3 14.gxf3 Qd7 15.Kh1 Qh3
16.Qe2 Rae8 17.Rg1 Nh5 18.Raf1 Re6 19.Qd1 Rh6 20.Rg2 f5 21.Rfg1 Ne7 22.a4 Ng6
23.Ba3 Rf7 24.Bd6 Nh4 25.Rg3 {#r} 1-0

[Event "Zt"]
[Site "masterchessopen.com Linares (Spain)"]
[Round "11"]
[White "Van Der Sterren Paul (NED)"]
[Black "Renet Olivier (FRA)"]
[Result "1-0"]
[WhiteElo "2545"]
[BlackElo "2520"]

1.d4 Nf6 2.c4 e6 3.Nc3 Bb4 4.e3 O-O 5.Bd3 d5 6.Nf3 c5 7.O-O Nc6 8.a3 Bxc3
9.bxc3 Qc7 10.cxd5 exd5 11.a4 Re8 12.Ba3 c4 13.Bc2 Bg4 14.Qe1 { ? } 14...Bh5
15.Nh4 Ng4 16.g3 Bg6 17.Nxg6 hxg6 18.Qd2 Re6 { ?! } ( 18...f5 19.Rae1 Nf6
20.f3 { ! } 20...Qd7 21.g4 { ! ? } ) 19.e4 { ! } 19...dxe4 ( 19...Nf6 20.e5 {
± } ) 20.d5 Rd8 ( 20...Nce5 21.Bxe4 { ± } ) 21.Qe2 { ! } 21...Rxd5 22.Qxg4 {
+?? } 22...Qe5 23.Qf4 Qxf4 24.gxf4 Rd2 25.Ra2 e3 { ? } 26.fxe3 {#r} 1-0

[Event "Ch Yugoslavia (open)"]
[Site "masterchessopen.com Nis (Yugoslavia)"]
[Round "10"]
[White "Stojanovic Mihajlo (SRB)"]
[Black "Abramovic Bosko (SRB)"]
[Result "0-1"]
[WhiteElo "2390"]
[BlackElo "2480"]

1.d4 Nf6 2.c4 e6 3.Nc3 Bb4 4.e3 O-O 5.Bd3 d5 6.Nf3 c5 7.O-O Nc6 8.a3 Bxc3
9.bxc3 Qc7 10.cxd5 exd5 11.h3 Re8 12.a4 c4 13.Bc2 Ne4 14.Qe1 h6 15.Ba3 Bf5
16.Nh4 Bh7 17.f4 Qd7 18.g4 f5 19.gxf5 Bxf5 20.Kh2 Bxh3 21.Rg1 Bg4 22.Ng6 Bf5
23.Qh4 Kh7 24.Ne5 Nxe5 25.dxe5 Re6 26.Bc5 Rg8 27.Bd4 b6 28.a5 b5 29.a6 Rg6
30.Qh5 Rg4 31.Rxg4 Bxg4 32.e6 Bxe6 33.Rg1 Bf5 34.Be5 Qe6 35.Bd4 g6 36.Qh4 g5
37.Qh5 Bg6 38.Qf3 Nd2 39.Bxg6+ Rxg6 40.Qf2 Ne4 {#R} 0-1

[Event "It (open) \"]
[Site "masterchessopen.com Salta (Argentina)"]
[Round "8"]
[White "Dib Ashur Elias Adel (ARG)"]
[Black "Quiroga Facundo (ARG)"]
[Result "0-1"]
[WhiteElo "2050"]
[BlackElo "2430"]

1.d4 Nf6 2.c4 e6 3.Nc3 Bb4 4.e3 O-O 5.Bd3 d5 6.a3 Bxc3+ 7.bxc3 c5 8.Nf3 Nc6
9.O-O Qc7 10.cxd5 exd5 11.h3 b6 12.a4 Re8 13.Bb5 a6 14.Bxc6 Qxc6 15.Ne5 Qc7
16.Ba3 Ne4 17.Qe1 f6 18.Nd3 Bb7 19.a5 c4 20.axb6 Qxb6 21.Nf4 Qc7 22.Rb1 Bc6
23.f3 Nd6 24.Qf2 Nb5 25.Bb2 a5 26.Rfe1 Qd6 27.Nh5 g6 28.Ng3 f5 29.h4 Re7
30.Ne2 Rae8 31.Nf4 a4 32.g3 Rb7 33.Ba1 Reb8 34.e4 dxe4 35.d5 Bd7 36.fxe4 fxe4
37.Rb4 Qc7 38.Rxe4 Nd6 39.Re7 Nf5 40.Re1 a3 41.g4 Nh6 42.Re7 Qd6 43.Re4 Nxg4
44.Qd4 Bf5 45.Re1 h6 46.Re2 g5 47.hxg5 hxg5 48.Nh5 {#R} 0-1

[Event "It (open)"]
[Site "masterchessopen.com Zadar (Croatia)"]
[Round "0"]
[White "Franic Milan (CRO)"]
[Black "Palac Mladen (CRO)"]
[Result "0-1"]
[WhiteElo "2385"]
[BlackElo "2515"]

1.d4 Nf6 2.c4 e6 3.Nc3 Bb4 4.e3 c5 5.Bd3 Nc6 6.Nf3 d5 7.O-O O-O 8.a3 Bxc3
9.bxc3 Qc7 10.Bb2 dxc4 11.Bxc4 e5 12.h3 e4 13.Nh2 b6 14.Rc1 Na5 15.Ba2 Ba6
16.c4 cxd4 17.Bxd4 Qc6 18.Ng4 Nd7 19.Ba1 Nc5 20.Qd4 f6 21.Qc3 Kh8 22.f3 Rad8
23.fxe4 Nxe4 24.Qb4 Bb7 25.Ne5 Qe8 26.Nf3 Nc5 27.Rc3 Nd3 28.Qb1 Qxe3+ 29.Kh1
Rfe8 30.c5 Nf2+ 31.Kh2 Qf4+ 32.g3 Ng4+ 33.hxg4 Re2+ 34.Kh3 Qh6+ 35.Nh4 Rdd2
36.Rh1 Bg2+ 37.Kh2 Bf1+ 38.Kg1 Rg2+ {#R} 0-1

[Event "It (w)"]
[Site "masterchessopen.com Belgrade (Yugoslavia)"]
[Round "0"]
[White "Galliamova Alisa (RUS)"]
[Black "Maric Alisa (SRB)"]
[Result "1-0"]
[WhiteElo "2475"]
[BlackElo "2460"]

1.d4 Nf6 2.c4 e6 3.Nc3 Bb4 4.e3 O-O 5.Bd3 d5 6.Nf3 c5 7.O-O Nc6 8.a3 Bxc3
9.bxc3 Qc7 10.h3 dxc4 11.Bxc4 e5 12.Ba2 e4 13.Nh2 Bf5 14.Ng4 Nxg4 15.hxg4 Bg6
16.a4 Rfd8 17.Qe2 cxd4 18.exd4 Kh8 19.Rd1 Rd7 20.Ba3 Qf4 21.g3 Qg5 22.Bc1 Qa5
23.Bd2 Rad8 24.Qb5 Qxb5 25.axb5 Nxd4 26.cxd4 Rxd4 27.Bb3 Rxd2 28.Rxd2 Rxd2
29.Rxa7 h5 30.Rxb7 e3 31.fxe3 hxg4 32.b6 Rd3 33.Bxf7 Bxf7 34.Rxf7 Kh7 35.Kf2
Rb3 36.Rb7 Rb2+ 37.Kf1 Kg6 38.Rb8 Kf7 39.b7 Kg6 40.e4 Kf7 41.e5 {#r} 1-0

[Event "It (open) \"]
[Site "masterchessopen.com Berlin (Germany)"]
[Round "0"]
[White "Yakovich Yuri (RUS)"]
[Black "Wilhelmi Christian (GER)"]
[Result "0-1"]
[WhiteElo "2530"]
[BlackElo "2355"]

1.d4 Nf6 2.c4 e6 3.Nc3 Bb4 4.e3 O-O 5.Bd3 c5 6.Nf3 Nc6 7.O-O d5 8.a3 Bxc3
9.bxc3 Qc7 10.h3 dxc4 11.Bxc4 e5 12.Ba2 e4 13.Nh2 Bf5 14.Ng4 Nxg4 15.hxg4 Bg6
16.a4 Rfd8 17.Ba3 Ne5 18.Qe2 Nd3 19.f4 exf3 20.Qxf3 Re8 21.Bd5 Rad8 22.Rad1
Rxd5 23.Qxd5 Be4 24.Qh5 c4 25.Rb1 Re6 26.d5 Rg6 27.d6 Qd7 28.Rb5 h6 29.Rbf5
Qe6 30.Qh3 Bc6 31.Rxf7 Rxg4 32.d7 Bxd7 33.Re7 Qd5 34.e4 Qc6 35.Qe3 Qg6 36.Qf3
Qb6+ 37.Rf2 Rf4 38.Qg3 Bg4 39.Kh2 Qxf2 40.Qxf2 Rxf2 {#R} 0-1

[Event "It (open)"]
[Site "masterchessopen.com Gausdal (Norway)"]
[Round "2"]
[White "Bjerke Richard (NOR)"]
[Black "Tisdall Jonathan D (NOR)"]
[Result "0-1"]
[WhiteElo "2275"]
[BlackElo "2515"]

1.d4 Nf6 2.c4 e6 3.Nc3 Bb4 4.e3 O-O 5.Bd3 d5 6.Nf3 c5 7.O-O Nc6 8.a3 Bxc3
9.bxc3 Qc7 10.cxd5 exd5 11.a4 c4 12.Bc2 Re8 13.Ba3 Qa5 14.Qc1 Bg4 15.Bd6 Rad8
16.Bg3 Ne4 17.Bxe4 dxe4 18.Ne5 Nxe5 19.Bxe5 Be2 20.Re1 Bd3 21.Bg3 Rd5 22.Qa3
h5 23.Ra2 Re6 24.f3 Qd8 25.fxe4 Bxe4 26.Be5 Rg6 27.Qc1 h4 28.Rf1 Qg5 29.Rff2
Ra5 30.Qd2 Rb6 31.Bc7 Rb1+ 32.Rf1 Bxg2 33.Qxg2 Qxe3+ 34.Rf2 Rg5 35.Rxb1 Rxg2+
36.Kxg2 Qe4+ 37.Kh3 Qxb1 38.Kxh4 Qe1 39.Bg3 Qxc3 40.Be5 f6 {#R} 0-1

[Event "It (open)"]
[Site "masterchessopen.com Gyula (Hungary)"]
[Round "0"]
[White "Emodi Barnabas (HUN)"]
[Black "Anka Emil (HUN)"]
[Result "0-1"]
[WhiteElo "2315"]
[BlackElo "2400"]

1.d4 Nf6 2.c4 e6 3.Nf3 Bb4+ 4.Nc3 c5 5.e3 O-O 6.Bd3 d5 7.O-O Nc6 8.a3 Bxc3
9.bxc3 Qc7 10.cxd5 exd5 11.h3 Re8 12.a4 c4 13.Bc2 Ne4 14.Bxe4 Rxe4 15.Ng5 Re8
16.Qe2 g6 17.e4 h6 18.exd5 Bf5 19.Qd2 Na5 20.Nf3 Nb3 21.Qxh6 Nxa1 22.Bf4 Qe7
23.Rxa1 f6 24.Nh4 Be4 25.f3 Bxd5 26.Qxg6+ Qg7 27.Qc2 Qh7 28.Qf2 Kf7 29.Rd1 Re6
30.Bg3 Rae8 31.Qb2 a6 32.Kh1 Re2 33.Qb6 Qh5 34.Rf1 Qg5 35.f4 Qxh4 {#R} 0-1

[Event "Ch Helsinki"]
[Site "masterchessopen.com Helsinki (Finland)"]
[Round "1"]
[White "Norri Joose (FIN)"]
[Black "Niemela Antti (FIN)"]
[Result "1-0"]
[WhiteElo "2385"]
[BlackElo "2279"]

1.d4 Nf6 2.c4 e6 3.Nc3 Bb4 4.e3 c5 5.Nf3 O-O 6.Bd3 d5 7.O-O Nc6 8.a3 Bxc3
9.bxc3 Qc7 10.cxd5 exd5 11.a4 Re8 12.Ba3 c4 13.Bc2 Ne4 14.Qe1 Re6 15.Nh4 Rh6
16.f3 Nf6 17.e4 g5 18.e5 Rxh4 19.g3 Rh6 20.exf6 Bh3 21.Qd2 Bxf1 22.Qxg5+ Rg6
23.Bxg6 fxg6 24.Rxf1 Qd7 25.Rb1 a6 26.Be7 Nxe7 27.fxe7 Re8 28.Re1 Kf7 29.a5
Rxe7 30.Rxe7+ Qxe7 31.Qxd5+ Kf6 32.Kf2 Qa3 33.Qd8+ Kf7 34.Qc7+ Kf6 35.Qb6+ Kg5
36.h4+ Kh6 37.Qb4 Qa2+ 38.Ke3 Qg2 39.Kf4 Qd2+ 40.Kg4 {#r} 1-0

[Event "It"]
[Site "masterchessopen.com Minsk (Belarus)"]
[Round "8"]
[White "Lyrberg Patrik (SWE)"]
[Black "Kupreichik Viktor D (BLR)"]
[Result "0-1"]
[WhiteElo "2415"]
[BlackElo "2510"]

1.d4 Nf6 2.c4 e6 3.Nc3 Bb4 4.e3 c5 5.Bd3 d5 6.Nf3 Nc6 7.O-O O-O 8.a3 Bxc3
9.bxc3 Qc7 10.cxd5 exd5 11.h3 c4 12.Be2 b5 13.Nd2 Re8 14.f3 Bxh3 15.Kf2 Rxe3
16.gxh3 Rae8 17.Rh1 Rxc3 18.Nb1 Rc2 19.Qxc2 Nxd4 {#R} 0-1

[Event "It (cat.8)"]
[Site "masterchessopen.com Moscow (Russia)"]
[Round "0"]
[White "Iskusnyh Sergei (RUS)"]
[Black "Balashov Yuri S (RUS)"]
[Result "1-0"]
[WhiteElo "2460"]
[BlackElo "2530"]

1.d4 Nf6 2.c4 e6 3.Nc3 Bb4 4.e3 O-O 5.Bd3 d5 6.Nf3 c5 7.O-O Nc6 8.a3 Bxc3
9.bxc3 Qc7 10.h3 b6 11.cxd5 exd5 12.a4 Re8 13.Nd2 Na5 14.Bb2 c4 15.Bc2 Ne4
16.Nxe4 dxe4 17.f3 Bf5 18.Qe1 Bg6 19.f4 f5 20.g4 h5 21.gxf5 Bxf5 22.Kh2 Rad8
23.Rg1 g6 24.Rg5 Kf7 25.Qg3 Qc6 26.Rg1 Qf6 27.Qg2 Rc8 28.Ba3 Rcd8 29.Bb1 Rd5
30.Ba2 Rc8 31.Qe2 Qc6 32.Qg2 Qf6 33.Bb1 Re8 34.Bc2 Rdd8 35.Bd1 Rh8 36.Be2 Rhg8
37.Bxh5 {#r} 1-0

[Event "Ch Yugoslavia (open)"]
[Site "masterchessopen.com Nis (Yugoslavia)"]
[Round "4"]
[White "Stojanovic Mihajlo (SRB)"]
[Black "Abramovic Bosko (SRB)"]
[Result "0-1"]
[WhiteElo "2465"]
[BlackElo "2490"]

1.d4 Nf6 2.c4 e6 3.Nc3 Bb4 4.e3 c5 5.Bd3 Nc6 6.Nf3 d5 7.O-O O-O 8.a3 Bxc3
9.bxc3 Qc7 10.cxd5 exd5 11.h3 Re8 12.a4 c4 13.Bc2 Ne4 14.Bxe4 dxe4 15.Nd2 Bf5
16.Nxc4 Nxd4 17.Qxd4 Rad8 18.Qxa7 Qxc4 19.Qxb7 Rd6 20.Qb5 Qc8 21.f4 exf3
22.Rxf3 Be4 23.Rg3 h5 24.c4 h4 25.Ba3 Rd2 26.Rg4 f5 27.Rg6 f4 28.Rg4 f3
29.gxf3 Bxf3 30.Rf4 Bc6 31.Qh5 Qe6 32.e4 Bxe4 33.Rg4 Bf5 34.Rg2 Qe3+ 35.Kh1
Qxh3+ {#R} 0-1

[Event "It (open)"]
[Site "masterchessopen.com Bad Wiessee (Germany)"]
[Round "1"]
[White "Ketzscher Roland (GER)"]
[Black "Alterman Boris (ISR)"]
[Result "0-1"]
[WhiteElo "2085"]
[BlackElo "2615"]

1.d4 Nf6 2.c4 e6 3.Nc3 Bb4 4.e3 O-O 5.Bd3 d5 6.Nf3 c5 7.O-O Nc6 8.a3 Bxc3
9.bxc3 Qc7 10.Qe2 dxc4 11.Bxc4 e5 12.dxe5 Nxe5 13.Nxe5 Qxe5 14.f4 Qe7 15.f5
Bd7 16.Rf4 Bc6 17.g4 Ne4 18.Bd3 Ng5 19.f6 gxf6 20.Qf1 Rad8 21.e4 c4 22.Bc2
Bxe4 23.Bxe4 Nxe4 24.Qxc4 Ng5 25.Kg2 Rd1 26.Rf1 b5 27.Qxb5 Qe4+ {#R} 0-1